000 00613nam a2200193Ia 4500
003 GCL
008 140319s9999 xx 000 0 ara d
040 _aGCL /
_cGCL
082 0 4 _a915.9
_bد ك
100 1 _aفودرز السباحى
245 1 0 _aدليل فودورز السياحى كوريا مع رحلات يومية من سيول /
_cفودرز السباحى
260 _aبيروت :
_bالدار العربية للعلوم ،
_c1993
300 _a304 ص
490 _a
650 0 4 _aكوريا الجنوبية
650 0 4 _aالتاريخ
650 0 4 _aوصف ورحلات
942 _2ddc
_cBK
999 _c41726
_d41726